| 000 | 00823 a2200229 4500 | ||
|---|---|---|---|
| 003 | Nust | ||
| 005 | 20221014151943.0 | ||
| 010 | _a 2001036826 | ||
| 020 | _a8178088045 | ||
| 040 | _cNust | ||
| 082 | 0 | 0 | _a005.74,HOF |
| 100 | 1 | _aHoffer, Jeffrey A. | |
| 245 | 1 | 0 |
_aModern database management / _cJeffrey A. Hoffer, Mary B. Prescott, Fred R. McFadden. |
| 250 | _a6th ed. | ||
| 260 |
_aUpper Saddle River, NJ : _bPrentice Hall, _cc2002. |
||
| 300 |
_axxxiv, 638 p. : _bill. ; _c29 cm. |
||
| 505 | _aThe Context Database Management (Page-3), Database Analysis (Page-75), Database Design (Page-165), Implementation (Page-257), Advanced Database Topics (Page-447). | ||
| 650 | 0 | _aDatabase management. | |
| 700 | 1 |
_aMcFadden, Fred R., _d1933- |
|
| 700 | 1 |
_aMcFadden, Fred R., _d1933- _993819 |
|
| 942 |
_2ddc _cBK _k005.74,HOF |
||
| 999 |
_c180198 _d180198 |
||